Militant and migrant : (Record no. 331673)

000 -LEADER
fixed length control field 01231cam a2200313 a 4500
001 - CONTROL NUMBER
control field 16657776
003 - CONTROL NUMBER IDENTIFIER
control field NUST
005 - DATE AND TIME OF LATEST TRANSACTION
control field 20171013102034.0
008 - FIXED-LENGTH DATA ELEMENTS--GENERAL INFORMATION
fixed length control field 110218s2011 ii a b 001 0 eng
010 ## - LIBRARY OF CONGRESS CONTROL NUMBER
LC control number 2010317106
020 ## - INTERNATIONAL STANDARD BOOK NUMBER
International Standard Book Number 9780415598002
025 ## - OVERSEAS ACQUISITION NUMBER
Overseas acquisition number I-E-2010-317106; 62-28; 69-28
037 ## - SOURCE OF ACQUISITION
Source of stock number/acquisition Library of Congress -- New Delhi Overseas Office
040 ## - CATALOGING SOURCE
Original cataloging agency DLC
Transcribing agency DLC
Modifying agency DLC
042 ## - AUTHENTICATION CODE
Authentication code lcode
-- pcc
043 ## - GEOGRAPHIC AREA CODE
Geographic area code a-ii---
050 00 - LIBRARY OF CONGRESS CALL NUMBER
Classification number HN690.P8
Item number C43 2011
082 ## - DEWEY DECIMAL CLASSIFICATION NUMBER
Classification number 304.80954552
Author Mark CHO
100 1# - MAIN ENTRY--PERSONAL NAME
Personal name Chopra, Radhika.
9 (RLIN) 5422
245 10 - TITLE STATEMENT
Title Militant and migrant :
Remainder of title the politics and social history of Punjab /
Statement of responsibility, etc. Radhika Chopra.
260 ## - PUBLICATION, DISTRIBUTION, ETC.
Place of publication, distribution, etc. New Delhi :
Name of publisher, distributor, etc. Routledge, Taylor & Francis Group,
Date of publication, distribution, etc. 2011.
300 ## - PHYSICAL DESCRIPTION
Extent xviii, 150 p. :
Other physical details col. ill. ;
Dimensions 23 cm.
504 ## - BIBLIOGRAPHY, ETC. NOTE
Bibliography, etc. note Includes bibliographical references (p. [135]-144) and index.
651 #0 - SUBJECT ADDED ENTRY--GEOGRAPHIC NAME
Geographic name Punjab (India)
General subdivision Social conditions
Chronological subdivision 20th century.
9 (RLIN) 5423
651 #0 - SUBJECT ADDED ENTRY--GEOGRAPHIC NAME
Geographic name Punjab (India)
General subdivision Politics and government
Chronological subdivision 20th century.
9 (RLIN) 5424
651 #0 - SUBJECT ADDED ENTRY--GEOGRAPHIC NAME
Geographic name Punjab (India)
General subdivision Emigration and immigration.
9 (RLIN) 5425
906 ## - LOCAL DATA ELEMENT F, LDF (RLIN)
a 7
b cbc
c origode
d 3
e ncip
f 20
g y-gencatlg
942 ## - ADDED ENTRY ELEMENTS (KOHA)
Source of classification or shelving scheme
Koha item type Book
Holdings
Withdrawn status Lost status Source of classification or shelving scheme Damaged status Not for loan Collection code Permanent Location Current Location Shelving location Date acquired Total Checkouts Full call number Barcode Checked out Date last seen Date last checked out Copy number Price effective from Koha item type
            Central Library (CL) Central Library (CL) Book Cart 10/13/2017 1 304.80954552 CHO CL2748 10/14/2020 09/29/2020 09/29/2020 1 10/13/2017 Book
© 2023 Central Library, National University of Sciences and Technology. All Rights Reserved.